| 000 | 00780nam a22002057a 4500 | ||
|---|---|---|---|
| 999 |
_c11877 _d11877 |
||
| 003 | AR-CdUCM | ||
| 008 | 190405b ||||| |||| 00| 0 spa d | ||
| 040 |
_aMUNICIPALIDAD PROVINCIAL DEL CUSCO _cBIBLIOTECA MUNICIPAL DEL CUSCO |
||
| 082 |
_a511 / _bC81 / 1928 |
||
| 100 |
_aCotarelo, Calculo _929468 |
||
| 245 |
_aTaquiritmica : _bMétodo de Aritmética Abreviada / |
||
| 260 |
_aBuenos Aries : _bLibreria de A.Garcia Santos, _c1928. |
||
| 300 |
_a74 paginas ; _c19 cm. |
||
| 505 | _aContenido :Símbolos y abreviaturas --Definiciones --Suma --Multiplicación --Casos de simplificación --Calculo mental --Casos de simplificación ... | ||
| 650 |
_aAritmética _919777 |
||
| 650 |
_aMatematica _920026 |
||
| 650 |
_aEjercicios _919599 |
||
| 942 |
_2ddc _cLIBROS |
||
| 945 | _arjall | ||